[Event "Kvibergspelen 2017"]
[Site "Gothenburg"]
[Date "2017.05.07"]
[Round "7.9"]
[White "Andreasson, Ingvar"]
[Black "Ask, Josef"]
[Result "1-0"]
[WhiteElo "2356"]
[BlackElo "2138"]

1.c4 g6 2.Nc3 Bg7 3.g3 d6 4.Bg2 e5 5.d3 Nc6 6.Rb1 a5 7.a3 h6 8.e3 f5 9.
Nge2 Nf6 10.b4 axb4 11.axb4 O-O 12.O-O g5 13.b5 Ne7 14.Qb3 Kh8 15.f4 Rb8 
16.fxg5 hxg5 17.Bd2 Be6 18.Nd5 Nfxd5 19.cxd5 Bg8 20.Nc3 b6 21.Qd1 Qe8 22.
e4 f4 23.Ra1 Rb7 24.Qg4 Bh6 25.h4 Qg6 26.Ne2 gxh4 27.Qxh4 Rf7 28.gxf4 Rh7 
29.Qg3 Qxg3 30.Nxg3 exf4 31.Bc3+ Bg7 32.Bxg7+ Rxg7 33.Nh5 Rg5 34.Nxf4 Ng6 
35.Nxg6+ Rxg6 36.Ra8 Kg7 37.Rf3 Bf7 38.Kf2 Rg5 39.Bh3 Bh5 40.Bc8 1-0

[Event "Kvibergspelen 2017"]
[Site "Gothenburg"]
[Date "2017.05.07"]
[Round "7.10"]
[White "Carlsson, Ludvig"]
[Black "Akesson, Ralf"]
[Result "0-1"]
[WhiteElo "2067"]
[BlackElo "2460"]

1.Nf3 f5 2.d3 d6 3.e4 g6 4.exf5 Bxf5 5.d4 Bg7 6.Nc3 Nf6 7.Bd3 Qd7 8.O-O c6
9.Re1 Bxd3 10.Qxd3 Na6 11.Ng5 Nc7 12.Qc4 Rf8 13.Bd2 O-O-O 14.b4 h6 15.Nf3 
Kb8 16.a4 Ncd5 17.b5 Rc8 18.Qb3 g5 19.bxc6 Qxc6 20.Nxd5 Nxd5 21.Rab1 g4 
22.c4 gxf3 23.cxd5 Qd7 24.Bb4 Ka8 25.gxf3 Bxd4 26.Re6 Rf6 27.Rbe1 Rxe6 28.
Rxe6 Bf6 29.Bd2 Qe8 30.Bf4 Qg6+ 31.Bg3 h5 32.h4 Qf5 33.Kg2 Rc3 34.Qd1 a6 
35.Re3 Rc4 36.Re4 Rxe4 37.fxe4 Qxe4+ 38.Kh3 Qf5+ 39.Kh2 Kb8 40.Qd2 Qg4 41.
Qh6 Bxh4 42.Bxd6+ exd6 43.Qxd6+ Kc8 0-1

[Event "Kvibergspelen 2017"]
[Site "Gothenburg"]
[Date "2017.05.07"]
[Round "8.1"]
[White "Tikkanen, Hans"]
[Black "Hector, Jonny"]
[Result "1/2-1/2"]
[WhiteElo "2504"]
[BlackElo "2498"]

1.e4 e5 2.Nf3 Nc6 3.Bb5 a6 4.Ba4 Nf6 5.O-O Be7 6.d3 d6 7.c3 O-O 8.Nbd2 b5 
9.Bc2 d5 10.a4 Be6 11.Re1 b4 12.a5 bxc3 13.bxc3 Rb8 14.Ba4 Nxa5 15.Nxe5 c5
16.f4 Qc7 17.c4 dxe4 18.Nxe4 Nxe4 19.Rxe4 Bf6 20.Bd2 Nb7 21.g4 Nd6 22.Re1 
Bc8 23.Bc3 Bb7 24.Qd2 Ba8 25.h3 Bh4 26.Rf1 Nc8 27.Nf3 Bf6 28.Bxf6 gxf6 29.
Bc2 Ne7 30.d4 cxd4 31.Qxd4 Rb6 32.c5 Rb5 33.Rxa6 Qxc5 34.Qxc5 1/2-1/2

[Event "Kvibergspelen 2017"]
[Site "Gothenburg"]
[Date "2017.05.07"]
[Round "8.3"]
[White "Rozentalis, Eduardas"]
[Black "Ornstein, Axel"]
[Result "1/2-1/2"]
[WhiteElo "2535"]
[BlackElo "2349"]

1.e4 c5 2.Nf3 d6 3.d4 cxd4 4.Qxd4 a6 5.Bg5 Nc6 6.Qd2 Nf6 7.Nc3 e6 8.Be2 
Be7 9.O-O O-O 10.Rad1 Qa5 11.a3 Rd8 12.Rfe1 b5 13.Bd3 Bb7 14.h3 Qc7 15.Ne2
d5 16.exd5 Nxd5 17.Nc3 Bxg5 18.Nxg5 h6 19.Nxd5 Rxd5 20.Nf3 Rad8 21.Qe3 Ne7
22.Rd2 Nf5 23.Bxf5 Rxf5 24.Rxd8+ Qxd8 25.Nd4 Rd5 26.c3 e5 27.Nb3 Rd1 28.f3
Qd5 29.Na5 Rxe1+ 30.Qxe1 Ba8 31.Qe2 e4 32.fxe4 Qxe4 33.Qxe4 Bxe4 34.Nb3 
Bd5 35.Nc5 a5 36.Kf2 Kf8 37.g3 Ke7 38.Ke3 Kd6 1/2-1/2

[Event "Kvibergspelen 2017"]
[Site "Gothenburg"]
[Date "2017.05.07"]
[Round "8.4"]
[White "Bellon Lopez, Juan"]
[Black "Westerberg, Jonathan"]
[Result "0-1"]
[WhiteElo "2324"]
[BlackElo "2460"]

1.d4 d5 2.Bg5 f6 3.Bh4 c6 4.c3 Qb6 5.Qb3 e5 6.e3 Bd6 7.Nf3 Nh6 8.Bg3 Nf5 
9.dxe5 Nxg3 10.hxg3 Qxb3 11.axb3 fxe5 12.e4 O-O 13.exd5 cxd5 14.Ra5 Be6 
15.Ng5 Nc6 16.Rb5 Bf5 17.Nd2 Be7 18.Ngf3 e4 19.Nh4 Be6 20.Rxb7 Bd6 21.g4 
Bxg4 22.Nc4 Bc5 23.Ne3 Bxe3 24.fxe3 Rf6 25.Rb5 g5 26.Bc4 dxc4 27.Rxg5+ Kf7
28.Rxg4 Ne5 29.Rxe4 Nd3+ 30.Ke2 Nf2 31.Rxc4 Nxh1 32.Rc7+ Kg8 33.Nf3 Ng3+ 
34.Kd3 Rd8+ 35.Nd4 Rf2 36.Rxa7 Rxg2 37.c4 Nf5 38.c5 Rg3 39.Ke4 Rxe3+ 40.
Kxf5 Rxd4 41.Rb7 Re8 42.b4 Rc4 43.Rb6 Rc1 44.c6 Kh8 45.Kg4 Rf1 0-1

[Event "Kvibergspelen 2017"]
[Site "Gothenburg"]
[Date "2017.05.07"]
[Round "8.5"]
[White "Arman, Deniz"]
[Black "Lindberg, Bengt"]
[Result "1-0"]
[WhiteElo "2377"]
[BlackElo "2387"]

1.e4 c5 2.d4 cxd4 3.c3 Nf6 4.e5 Nd5 5.Qxd4 e6 6.Nf3 Nc6 7.Qe4 f5 8.Qe2 Qc7
9.g3 b5 10.Bg2 a6 11.O-O Bc5 12.a4 b4 13.c4 Nde7 14.Be3 Bxe3 15.Qxe3 O-O 
16.Qc5 Rb8 17.Nbd2 Bb7 18.Nb3 Ng6 19.Rfe1 f4 20.Rad1 Rbd8 21.g4 Qb8 22.Qb6
Ba8 23.a5 Qc8 24.Nc5 Nb8 25.Rd6 h5 26.h3 hxg4 27.hxg4 Rde8 28.b3 Bc6 29.
Qxb4 Bxf3 30.Bxf3 Nh4 31.Rd3 Nc6 32.Qc3 Re7 33.Kf1 Nxf3 34.Rxf3 Qa8 35.Rh3
Qa7 36.b4 Rb8 37.Nd3 Qb7 38.Nxf4 Nxb4 39.Ng6 Ree8 40.Ree3 Nd5 41.cxd5 Qb1+
42.Kg2 Qxg6 43.Rh4 exd5 44.Qd4 Rb5 45.Kh2 Rf8 46.Reh3 Qe4 47.Rh8+ Kf7 48.
e6+ 1-0

[Event "Kvibergspelen 2017"]
[Site "Gothenburg"]
[Date "2017.05.07"]
[Round "8.6"]
[White "Akesson, Ralf"]
[Black "Bjorklund, Thomas"]
[Result "1/2-1/2"]
[WhiteElo "2460"]
[BlackElo "2141"]

1.Nf3 d5 2.d4 Nf6 3.c4 e6 4.g3 Be7 5.Bg2 O-O 6.O-O Re8 7.Qc2 Nbd7 8.b3 a5 
9.Nc3 c5 10.cxd5 Nxd5 11.Nxd5 exd5 12.Rd1 cxd4 13.Nxd4 Nf6 14.Bb2 Qb6 15.
Rac1 a4 16.bxa4 Bd7 17.Qb3 Qa5 18.Nb5 Bxb5 19.axb5 Qxa2 20.Qxa2 Rxa2 21.
Bxf6 gxf6 22.Bxd5 Rxe2 23.Bxb7 Ba3 24.Rc3 Bb4 25.Rf3 R8e6 26.Rd8+ Kg7 27.
Bd5 Ba5 28.Rb8 Rb6 29.Rd8 Re7 30.Rf4 Rxb5 31.Rg4+ Kh6 32.Rh4+ Kg7 33.Rg4+ 
Kh6 34.Rd6 Bc3 35.Rc4 Be5 36.Rd8 Bc7 37.Rc8 Rxd5 38.R8xc7 Rxc7 1/2-1/2

[Event "Kvibergspelen 2017"]
[Site "Gothenburg"]
[Date "2017.05.07"]
[Round "8.7"]
[White "Wahlund, Max"]
[Black "Andreasson, Ingvar"]
[Result "1-0"]
[WhiteElo "2132"]
[BlackElo "2356"]

1.d4 Nf6 2.c4 c5 3.d5 b5 4.cxb5 a6 5.bxa6 g6 6.Nc3 Bxa6 7.f4 Bg7 8.Nf3 O-O
9.e4 Bxf1 10.Rxf1 d6 11.Kf2 Qb6 12.Kg1 Na6 13.Qe2 Nc7 14.Rb1 Rfb8 15.Bd2 
Qa6 16.Qxa6 Rxa6 17.b3 Nd7 18.Na4 f5 19.exf5 gxf5 20.Bc3 Nxd5 21.Bxg7 Kxg7
22.g3 h6 23.Rfe1 Kf6 24.Rbd1 N7b6 25.Nxb6 Nxb6 26.Re2 Rf8 27.Rde1 Nc8 28.
Re6+ Kg7 29.a4 Rf6 30.Kf2 Kf7 31.R6e3 Na7 32.Rxe7+ 1-0

[Event "Kvibergspelen 2017"]
[Site "Gothenburg"]
[Date "2017.05.07"]
[Round "8.8"]
[White "Borvander, Tom"]
[Black "Welin, Mats"]
[Result "0-1"]
[WhiteElo "2134"]
[BlackElo "2336"]

1.d4 Nf6 2.c4 e6 3.Nc3 Bb4 4.f3 d5 5.a3 Bxc3+ 6.bxc3 c5 7.cxd5 Nxd5 8.dxc5
Qa5 9.e4 Nf6 10.Be3 O-O 11.Qb3 Qc7 12.a4 e5 13.Bc4 Nc6 14.Qa3 Na5 15.Ba2 
Re8 16.Ne2 Be6 17.O-O Nc4 18.Bxc4 Bxc4 19.Rf2 Nd7 20.Ng3 g6 21.Qb4 Be6 22.
Rb1 Rec8 23.Rd2 Nxc5 24.Ne2 b6 25.Bg5 Kg7 26.h4 Nb7 27.h5 f6 28.Rbd1 fxg5 
29.Rd7+ Bxd7 30.Qe7+ Kh6 31.Kh2 0-1

[Event "Kvibergspelen 2017"]
[Site "Gothenburg"]
[Date "2017.05.07"]
[Round "8.9"]
[White "Fendrich, Peter"]
[Black "Rydstrom, Tom"]
[Result "1-0"]
[WhiteElo "2059"]
[BlackElo "2312"]

1.c4 e5 2.g3 Nf6 3.Bg2 d5 4.cxd5 Nxd5 5.Nc3 Nb6 6.e3 Nc6 7.Nge2 Bf5 8.d4 
exd4 9.Nxd4 Nxd4 10.exd4 c6 11.d5 cxd5 12.O-O Be6 13.a4 Bb4 14.a5 Bxc3 15.
axb6 Bf6 16.Qa4+ Qd7 17.bxa7 Qxa4 18.Rxa4 O-O 19.Be3 Rfd8 20.Bb6 Rd7 21.
Rc1 g6 22.Rd1 Bxb2 23.Ra5 Bf6 24.Raxd5 Bxd5 25.Rxd5 Re7 26.Rd1 Kg7 27.Kf1 
Bc3 28.Bf3 Ba5 29.Bxa5 Rxa7 30.Bc3+ Kh6 31.Bd2+ Kg7 32.Bb4 Rc7 33.Bd6 Rc4 
34.Bd5 Rc2 35.Be5+ f6 36.Bb3 Rc6 37.Rd7+ Kh6 38.Bd4 Ra8 39.Bd5 Rc1+ 40.Kg2
Rb1 41.Be3+ 1-0

[Event "Kvibergspelen 2017"]
[Site "Gothenburg"]
[Date "2017.05.07"]
[Round "8.10"]
[White "Lindh, Fredrik"]
[Black "Petersson, Baldur Teodor"]
[Result "1-0"]
[WhiteElo "2271"]
[BlackElo "2094"]

1.e4 c5 2.Nf3 e6 3.d4 cxd4 4.Nxd4 a6 5.Nc3 Qc7 6.Bd3 Nf6 7.Qe2 d6 8.O-O 
Nbd7 9.a4 b6 10.Kh1 Bb7 11.f4 g6 12.e5 dxe5 13.fxe5 Nd5 14.Nxd5 Bxd5 15.
Bxa6 Qxe5 16.Qxe5 Nxe5 17.Bb5+ Ke7 18.Bg5+ Kd6 19.Rad1 Bg7 20.c4 Nxc4 21.
Bxc4 Bxc4 22.Nb5+ Ke5 23.Rxf7 Bxb5 24.axb5 Rhg8 25.Be3 Ke4 26.Bxb6 Rab8 
27.Rd6 Rgc8 28.Bc7 Ra8 29.Rd1 1-0